Maria(h) célèbres - Statistiques

Statistiques générales
  • Ce quiz a été pris 339 fois
  • Le résultat moyen est 3 sur 7
Statistiques - réponses
Descriptif Réponse % Correct
Auteure-compositrice-interprète américaine reconnue notamment pour son interprétation de chants traditionnels de Noël ainsi que du single All I Want for Christmas Is You. Carey
97%
Tenniswoman russe ayant remporté les quatre tournois du Grand Chelem. Sharapova
69%
Cantatrice grecque, incarnation même de la "diva" ayant bouleversé l'art lyrique du XXème siècle. Callas
65%
Pédagogue italienne mondialement reconnue pour sa méthode se basant sur l'autodiscipline, l'apprentissage par l'expérience et le libre choix des activités. Montessori
64%
Actrice et tragédienne française d'origine espagnole jouant notamment dans Les Enfants du Paradis et Les Dames du bois de Boulogne. Casarès
10%
Actrice américaine ayant joué notamment dans la série médicale Urgences ainsi que dans les films Lady Chance et A History of Violence. Bello
8%
Philosophe, essayiste et écrivaine espagnole, autrice notamment de Filosofía y Poesía, et première lauréate féminine du Prix Cervantes en 1988. Zambrano
3%
Aucun quiz correspondant
Distribution des résultats
% des personnes avec chaque résultat
Percentile par nombre de réponses
Votre historique - résultats
Vous n’avez pas pris ce quiz